7-Letter Click Blitz Quiz Stats

 Plays Quiz Updated Oct 3, 2016

Support Sporcle.
Go Orange.
Score 0/44 Timer 07:00
7 Plays Today
% Correct
Neptune
88.4%
Hey Jude
87.4%
Florida
87.4%
Prancer
86.3%
Fifteen
85.8%
Clinton
85.7%
Nigeria
85%
Ukraine
84.7%
Humerus
84.2%
Bassoon
84.1%
Diamond
83.9%
Pikachu
82.9%
Corolla
82.2%
Bromine
81.9%
Francis
81.4%
Alberta
80%
Titanic
79.9%
Parsley
79%
Ophelia
78.7%
Cowboys
78.7%
Apricot
77.9%
William
77.3%
% Correct
Yankees
76.2%
Celtics
76.2%
Drachma
73.7%
Foxtrot
73%
Pointer
72.7%
Concord
71.9%
Omicron
71.1%
Friends
70.6%
Chelsea
70.5%
Coyotes
69.3%
Pegasus
69%
Tripoli
68.3%
Avenue Q
68.2%
Suffolk
67.5%
Hebrews
66.9%
Stupefy
64.1%
Halifax
61.2%
Numbers
59.8%
Demeter
54.4%
Walpole
52.6%
Lessing
49.2%
Sapporo
45.5%

You're not logged in!

Compare scores with friends on all Sporcle quizzes.
OR
Log In

From the Vault

Countries On a Map... Without a Map!

by lt2009

This quiz sounds like a cartographer's worst nightmare.
Remove Ads.
Support Sporcle.
Get the best of Sporcle when you Go Orange. This ad-free experience offers more features, more stats, and more fun while also helping to support Sporcle. Thank you for becoming a member.

Show Comments

Extras

Top Quizzes Today


Score Distribution

Your Account Isn't Verified!

In order to create a playlist on Sporcle, you need to verify the email address you used during registration. Go to your Sporcle Settings to finish the process.

Report this User

Report this user for behavior that violates our Community Guidelines.

Details: